00000000nam 2200000zi 4500
0019.922460
003CaOODSP
00520251024104913
006m     o  d f      
007cr mn|||||||||
008230509e202306##quc     ob   f000 0 eng d
020 |a9780660486086
040 |aCaOODSP|beng|erda|cCaOODSP
043 |an-cn---
0861 |aEn84-294/2023E-PDF
24500|aEmission factors and reference values.
24617|aEmission factors and reference values, version 1.1
250 |aVersion 1.1.
264 1|aGatineau Quebec : |bEnvironment and Climate Change Canada = Environnement et changement climatique Canada, |cJune 2023.
264 4|c©2023
300 |a1 online resource (iv, 6 pages)
336 |atext|btxt|2rdacontent
337 |acomputer|bc|2rdamedia
338 |aonline resource|bcr|2rdacarrier
500 |aIssued also in French under title: Coeffcients d'émission et valeurs de référence.
500 |aTitle from cover.
500 |a"Canada's greenhouse gas offset credit system."
500 |a"EC23040"--Page [ii].
504 |aIncludes bibliographical references.
650 0|aCarbon offsetting|zCanada.
650 0|aGreenhouse gas mitigation|zCanada.
7101 |aCanada. |bEnvironment and Climate Change Canada, |eissuing body.
77508|tCoeffcients d'émission et valeurs de référence.|w(CaOODSP)9.922462
794 |tEmission factors and reference values.|bVersion 2.0.|w(CaOODSP)9.935269
795 |tEmission factors and reference values.|bVersion 1.0.|w(CaOODSP)9.911206
85640|qPDF|s294 KB|uhttps://publications.gc.ca/collections/collection_2023/eccc/En84-294-2023-eng.pdf
986 |aEC23040